000 00790nam a2200193Ia 4500
003 GCL
008 140319s9999 xx 000 0 ara d
040 _aGCL /
_cGCL
082 0 4 _a219
_bج ا
100 1 _aوفاء محمد رفعت جمعة
245 1 0 _aاخطاء يجب ان تصحح فى التاريخ: الاسلام دين الله فى الارض وفى السماء /
_cوفاء محمد رفعت جمعة
700 1 _aجمال عبدالهادى محمد مسعود
260 _a[S.N] :
_bدار الوفاء للطباعة والنشر والتوزيع ،
_c1990
300 _a129 ص
490 _aنحو تاصيل اسلامى للتاريخ
_v0
650 0 4 _aالاسلام - دفع مطاعن
650 0 4 _aالاسلام واصل الانسان
942 _2ddc
_cBK
999 _c30157
_d30157